000 00532cam a2200145 4500500
005 20251012032623.0
041 _afre
042 _adc
100 1 0 _aBaladier, Charles
_eauthor
245 0 0 _aAnne Levallois, Une psychanalyste dans l’histoire, préface de Michel Tort, Paris, éditions CampagnePremière, 2007, 280 pages.
260 _c2008.
500 _a28
786 0 _nSigila | 21 | 1 | 2008-06-20 | p. 262-263 | 1286-1715
856 4 1 _uhttps://shs.cairn.info/revue-sigila-2008-1-page-262?lang=fr&redirect-ssocas=7080
999 _c1547850
_d1547850